Statistics for Germanic Language List

Click here to take the quiz!

General Stats

  • This quiz has been taken 870 times
    (863 since last reset)
  • The average score is 11 of 18

Answer Stats

HintAnswer% Correct
Spoken by sevens different countries in Europe.German
98%
One of the most spoken languages in the world.English
97%
Spoken in Belgium.Dutch
92%
Think of Meatballs.Swedish
92%
A sweet pastry, usually covered with cheese.Danish
89%
Spoken in South Africa.Afrikaans
88%
Think of Leif Ericcson.Norwegian
85%
Only modern language that use the thorn rune.Icelandic
80%
Spoken in Luxembourg.Luxembourgish
67%
Spoken by the English before the Norman takeover.Anglo-Saxon
63%
Language spoken in the Faroe Islands.Faroese
61%
Older Germanic Language.Frisian
52%
Closely related to English.Scots
47%
Also think of Vikings.Old Norse
46%
Old and Dead language that ws spoken in Eastern Europe.Gothic
33%
This is a pretty hard one.Yiddish
24%
Also spoken in Belgium.Low German
19%
Older Germanic language.Norn
6%

Score Distribution

Percentile by Number Answered

Percent of People with Each Score

Your Score History

You have not taken this quiz since the last reset